Empire the rise and demise of the British world order and the lessons for global power (Record no. 70942)

000 -LEADER
fixed length control field 00530nam a22001817a 4500
003 - CONTROL NUMBER IDENTIFIER
control field NUST - PNEC
005 - DATE AND TIME OF LATEST TRANSACTION
control field 20170116181151.0
008 - FIXED-LENGTH DATA ELEMENTS--GENERAL INFORMATION
fixed length control field 151124b xxu||||| |||| 00| 0 eng d
020 ## - INTERNATIONAL STANDARD BOOK NUMBER
International Standard Book Number 0713996153
040 ## - CATALOGING SOURCE
Transcribing agency LIBRARY
082 ## - DEWEY DECIMAL CLASSIFICATION NUMBER
Classification number 909.0971241 FER
100 ## - MAIN ENTRY--PERSONAL NAME
9 (RLIN) 15407
Personal name Ferguson, Niall
245 ## - TITLE STATEMENT
Title Empire the rise and demise of the British world order and the lessons for global power
Statement of responsibility, etc. Niall,Ferguson
250 ## - EDITION STATEMENT
Edition statement -
260 ## - PUBLICATION, DISTRIBUTION, ETC.
Date of publication, distribution, etc. c 2002
650 ## - SUBJECT ADDED ENTRY--TOPICAL TERM
9 (RLIN) 15408
Topical term or geographic name entry element Commonwealth countries
General subdivision PN Book Club
942 ## - ADDED ENTRY ELEMENTS (KOHA)
Source of classification or shelving scheme
Koha item type Book
Holdings
Withdrawn status Lost status Source of classification or shelving scheme Damaged status Not for loan Permanent Location Current Location Shelving location Date acquired Source of acquisition Total Checkouts Full call number Barcode Date last seen Price effective from Koha item type
          Pakistan Navy Engineering College (PNEC) Pakistan Navy Engineering College (PNEC)   11/24/2015 Donated   909.0971241 FER PNECLIB-032329 11/24/2015   Book
          Pakistan Navy Engineering College (PNEC) Pakistan Navy Engineering College (PNEC)   11/24/2015 Donated   909.0971241 FER PNECLIB-032330 11/24/2015   Book
© 2023 Central Library, National University of Sciences and Technology. All Rights Reserved.